[Event "Chioggia op-B 06th"]
[Site "Chioggia"]
[Date "2011.10.09"]
[Round "5"]
[White "Bellemo, Anna"]
[Black "Boscolo Nata, Alice"]
[Result "1-0"]
[WhiteElo "1425"]
[BlackElo "1410"]
[PlyCount "73"]
[EventDate "2011.10.07"]
[EventType "swiss"]
[EventRounds "5"]
[EventCountry "ITA"]
[SourceTitle "EXT 2022"]
[Source "ChessBase"]
[SourceDate "2021.10.06"]
[SourceVersion "1"]
[SourceVersionDate "2021.10.06"]
[SourceQuality "1"]

1. e4 e5 2. Nf3 Nc6 3. Nc3 Nf6 4. Bb5 a6 5. Bxc6 bxc6 6. Nxe5 d6 7. Nf3 d5 8. exd5 cxd5 9. Qe2+ Be7 10. d3 0-0 11. 0-0 Re8 12. h3 h6 13. Qe5 Bd6 14. Qd4 c6 15. Qh4 Rb8 16. Bf4 Rxb2 17. Rac1 Bb4 18. Na4 Rxa2 19. Ra1 Rxc2 20. Qg3 Nh5 21. Qh2 Nxf4 22. Qxf4 Bc3 23. Rab1 Bd7 24. Rb6 a5 25. Rfb1 Bb4 26. Nd4 Ra2 27. Nb2 Ra3 28. Nc2 Rc3 29. Nxb4 axb4 30. Qxb4 Qf6 31. d4 Rc2 32. Qb3 Ree2 33. Qd3 Rxb2 34. Ra1 Rxf2 35. Ra8+ Qd8 36. Rxd8+ Be8 37. Rxe8# 1-0

[Event "Chioggia op-B 06th"]
[Site "Chioggia"]
[Date "2011.10.08"]
[Round "3"]
[White "Aprile, Massimo"]
[Black "Boscolo Nata, Alice"]
[Result "1-0"]
[WhiteElo "1524"]
[BlackElo "1410"]
[PlyCount "81"]
[EventDate "2011.10.07"]
[EventType "swiss"]
[EventRounds "5"]
[EventCountry "ITA"]
[SourceTitle "EXT 2022"]
[Source "ChessBase"]
[SourceDate "2021.10.06"]
[SourceVersion "1"]
[SourceVersionDate "2021.10.06"]
[SourceQuality "1"]

1. d4 d5 2. Nf3 Nf6 3. g3 Nc6 4. Bg2 Bf5 5. c3 e6 6. Bg5 h6 7. Bd2 Bd6 8. 0-0 0-0 9. b4 a5 10. b5 Ne7 11. a4 c6 12. bxc6 bxc6 13. Na3 Rb8 14. Nc2 Rb2 15. Ne3 Ng4 16. Nxf5 exf5 17. Bh3 Nc8 18. Rb1 Rxb1 19. Qxb1 Nb6 20. Qxf5 Nf6 21. Ra1 Re8 22. e3 Qd7 23. Qxd7 Nbxd7 24. Bf1 Ne4 25. c4 Nb6 26. c5 Nc4 27. Bxc4 dxc4 28. cxd6 Nxd2 29. Nxd2 c3 30. Nc4 Rd8 31. Rc1 g5 32. Rxc3 Kg7 33. e4 Kg6 34. e5 Kf5 35. f3 g4 36. Kf2 gxf3 37. Kxf3 Ke6 38. Ke4 f5+ 39. exf6 Kxf6 40. Ne5 Rxd6 41. Rxc6 1-0

[Event "Chioggia op-B 06th"]
[Site "Chioggia"]
[Date "2011.10.08"]
[Round "2"]
[White "Boscolo Nata, Alice"]
[Black "Cruccu, Alberto"]
[Result "1/2-1/2"]
[WhiteElo "1410"]
[BlackElo "1572"]
[PlyCount "102"]
[EventDate "2011.10.07"]
[EventType "swiss"]
[EventRounds "5"]
[EventCountry "ITA"]
[SourceTitle "EXT 2022"]
[Source "ChessBase"]
[SourceDate "2021.10.06"]
[SourceVersion "1"]
[SourceVersionDate "2021.10.06"]
[SourceQuality "1"]

1. e4 e5 2. Nf3 Nc6 3. Bc4 Bc5 4. Nc3 h6 5. d3 Nf6 6. 0-0 d6 7. h3 Na5 8. Bd5 c6 9. Bb3 Nxb3 10. axb3 a6 11. Be3 Bxe3 12. fxe3 Be6 13. d4 exd4 14. exd4 d5 15. e5 Nh7 16. Na4 0-0 17. Nc5 b6 18. Nxa6 Qe7 19. Qd2 c5 20. dxc5 bxc5 21. b4 c4 22. Nc5 Ra7 23. Nd4 Rxa1 24. Rxa1 Ng5 25. Ra6 Bxh3 26. Nc6 Qc7 27. c3 Be6 28. b5 Ne4 29. Nxe4 dxe4 30. Qd4 Qb7 31. Qxe4 Qxb5 32. Ra2 Qb3 33. Qb1 Qb5 34. Qe4 Qb6+ 35. Kh2 Qf2 36. Ne7+ Kh8 37. Ra8 g6 38. Rxf8+ Kg7 39. Rg8+ Kh7 40. Nxg6 Bf5 41. Qa8 Qe2 42. Rh8+ Kxg6 43. Qg8+ Kh5 44. Qxf7+ Kg4 45. Rxh6 Qxe5+ 46. Kh1 Qe1+ 47. Kh2 Qg3+ 48. Kh1 Qe1+ 49. Kh2 Qe5+ 50. g3 Qe2+ 51. Kg1 Qe3+ 1/2-1/2